Market liquidity : (Record no. 18782)
[ view plain ]
| 000 -LEADER | |
|---|---|
| fixed length control field | 01066cam a2200301 i 4500 |
| 001 - CONTROL NUMBER | |
| control field | 17208441 |
| 005 - DATE AND TIME OF LATEST TRANSACTION | |
| control field | 20141215154541.0 |
| 008 - FIXED-LENGTH DATA ELEMENTS--GENERAL INFORMATION | |
| fixed length control field | 120313s2013 xxuadk frb f001 0 eng d |
| 010 ## - LIBRARY OF CONGRESS CONTROL NUMBER | |
| LC control number | 2012010868 |
| 020 ## - INTERNATIONAL STANDARD BOOK NUMBER | |
| International Standard Book Number | 9780521191760 (hardback) |
| 020 ## - INTERNATIONAL STANDARD BOOK NUMBER | |
| International Standard Book Number | 9780521139656 (paperback) |
| 040 ## - CATALOGING SOURCE | |
| Original cataloging agency | DLC |
| Language of cataloging | eng |
| Transcribing agency | DLC |
| Modifying agency | DLC |
| -- | EG-ScBUE |
| 082 00 - DEWEY DECIMAL CLASSIFICATION NUMBER | |
| Classification number | 332.63222 |
| Edition number | 22 |
| Item number | AMI |
| 100 1# - MAIN ENTRY--PERSONAL NAME | |
| Personal name | Amihud, Yakov, |
| Dates associated with a name | 1947- |
| 9 (RLIN) | 36937 |
| 245 00 - TITLE STATEMENT | |
| Title | Market liquidity : |
| Remainder of title | asset pricing, risk, and crises / |
| Statement of responsibility, etc | Yakov Amihud, Haim Mendelson, Lasse Heje Pedersen. |
| 260 ## - PUBLICATION, DISTRIBUTION, ETC. (IMPRINT) | |
| Place of publication, distribution, etc | New York, United States : |
| Name of publisher, distributor, etc | Cambridge University Press, |
| Date of publication, distribution, etc | 2013. |
| 300 ## - PHYSICAL DESCRIPTION | |
| Extent | xiv, 277 p. : |
| Other physical details | charts, forms, tables ; |
| Dimensions | 24 cm. |
| 500 ## - GENERAL NOTE | |
| General note | Index : p. 275-277. |
| 504 ## - BIBLIOGRAPHY, ETC. NOTE | |
| Bibliography, etc | Includes bibliographical references. |
| 504 ## - BIBLIOGRAPHY, ETC. NOTE | |
| Bibliography, etc | Bibliography : p. 271-274. |
| 650 #0 - SUBJECT ADDED ENTRY--TOPICAL TERM | |
| Topical term or geographic name as entry element | Liquidity (Economics) |
| 9 (RLIN) | 36504 |
| 650 #0 - SUBJECT ADDED ENTRY--TOPICAL TERM | |
| Topical term or geographic name as entry element | Securities |
| General subdivision | Prices |
| 9 (RLIN) | 36455 |
| 653 ## - INDEX TERM--UNCONTROLLED | |
| Resource For college | BAEPS, Business Administration |
| Arrived date list | December2014 |
| 655 ## - INDEX TERM--GENRE/FORM | |
| Form subdivision | |
| -- | 34232 |
| 700 1# - ADDED ENTRY--PERSONAL NAME | |
| Personal name | Mendelson, Haim |
| 9 (RLIN) | 36938 |
| 700 1# - ADDED ENTRY--PERSONAL NAME | |
| Personal name | Pedersen, Lasse Heje |
| 9 (RLIN) | 36939 |
| 942 ## - ADDED ENTRY ELEMENTS (KOHA) | |
| Source of classification or shelving scheme | Dewey Decimal Classification |
| Call number prefix | 332.63222 AMI |
| Withdrawn status | Item status | Source of classification or shelving scheme | Damaged status | Not for loan | Vendor | Home library | Current library | Shelving location | Date acquired | Source of acquisition | Cost, normal purchase price | Serial Enumeration / chronology | Total Checkouts | Total Renewals | Full call number | Barcode | Date last seen | Date last borrowed | Cost, replacement price | Koha item type |
|---|---|---|---|---|---|---|---|---|---|---|---|---|---|---|---|---|---|---|---|---|
| Dewey Decimal Classification | Baccah | Central Library | Central Library | First floor | 15/12/2014 | 225.00 | 20677 | 1 | 3 | 332.63222 AMI | 000037179 | 15/01/2026 | 16/11/2025 | 281.25 | Book - Borrowing |